Statistiken für Geboren in Zagreb

Klicken Sie hier um das Quiz zu spielen!

Allgemein

  • Dieses Quiz wurde 9 mal gespielt
    (2 seit der letzten Aktualisierung)
  • Das Durchschnittsergebnis liegt bei 4 aus 13

Antwortstatistiken

HinweisAntwort% Korrekt
Fußballnationalspieler, TSG 1899 Hoffenheim1991Andrej Kramaric
100%
Fußballnationalspieler, RB Leipzig2002Josko Gvardiol
100%
Fußballnationalspieler, VfB Stuttgart1998Borna Sosa
50%
früherer Fußballtrainer (Bayern München, Borussia Dortmund und Hamburger SV)1929Branko Zebec
50%
Fußballnationalspieler, Union Berlin1995Josip Juranovic
50%
früherer Fußballer (VfB Stuttgart) und Trainer (Köln)1967Zvonimir Soldo
50%
Schauspieler, bekannt als Marseille aus "Haus des Geldes"1976Luka Peros
0%
Fußballnationalspieler, CFC Genua (früher Hamburger SV und Florenz)1989Milan Badelj
0%
Bedeutender kroatischer Schriftsteller, "Der kroatische Gott Mars" "Die Rückkehr des Filip Latinowicz"1893Miroslav Krleza
0%
Schauspieler, bekannt als Ivo Batic aus dem Münchener Tatort1954Miroslav Nemec
0%
früherer Fußballnationalspieler, (Tottenham Hotspurs und Portsmouth)1984Niko Kranjcar
0%
"Erfinder der Enzyklopädie"1534Pavao Skalic
0%
Diskuswerferin und zweifache Olympiasiegerin1990Sandra Perkovic
0%

Verteilung der Resultate

Perzentil nach korrekt beantworteten Fragen

Anzahl Personen mit jedem Resultat

Ihre Resultats-Entwicklung

Sie haben dieses Quiz seit der letzten Aktualisierung nicht gespielt